Proyecto de red de cooperación académica regional

Proyecto de creación de una red de cooperación académica regional, propuesto por el área de ciencias de la educación de la Confederación Universitaria Centroamericana (CSUCA) - Expone los antecedentes y condicionantes en que surgió la confederación, sus planes integracionistas, sus objetivos y su or...

Πλήρης περιγραφή

Αποθηκεύτηκε σε:
Λεπτομέρειες βιβλιογραφικής εγγραφής
Συγγραφή απο Οργανισμό/Αρχή: CSUCA. Programa Centroamericano de Ciencias Sociales. Area de Ciencias de la Educación
Μορφή: Κείμενο
Έκδοση: San José: CSUCA
Ετικέτες: Προσθήκη ετικέτας
Δεν υπάρχουν, Καταχωρήστε ετικέτα πρώτοι!

MARC

LEADER 00000 a a2200000 04500
001 20746
003
040
090 |a 088300  
110 |a CSUCA. Programa Centroamericano de Ciencias Sociales. Area de Ciencias de la Educación  
245 |a Proyecto de red de cooperación académica regional  
260 |a San José:   |b CSUCA  
300 |a 8 p.  
520 |a Proyecto de creación de una red de cooperación académica regional, propuesto por el área de ciencias de la educación de la Confederación Universitaria Centroamericana (CSUCA) - Expone los antecedentes y condicionantes en que surgió la confederación, sus planes integracionistas, sus objetivos y su organización. Señala los objetivos, estructura y funciones de lo que podría ser la red de cooperación académica. Destaca que uno de sus fines es contribuir al fortalecimiento de la cooperación académica y científica en la esfera de la enseñanza superior en la región centroamericana  
999 |c 12628  |d 12628